| 000 | 00395pab a2200145 454500 | ||
|---|---|---|---|
| 008 | 180718b2003 xxu||||| |||| 00| 0 eng d | ||
| 100 | _aWeyland, Kurt | ||
| 245 | _aEconomic voting reconsidered: crisis and charisma in the election of Hugo Chavez | ||
| 260 | _c2003 | ||
| 300 | _ap.822-48. | ||
| 362 | _aSep | ||
| 650 | _aElections | ||
| 773 | _aComparative Political Studies | ||
| 909 | _a58199 | ||
| 999 |
_c58199 _d58199 |
||